Haz clic en los países de África occidental en un mapa - Estadísticas

Estadísticas generales
  • Esta prueba ha sido intentada 62 veces
  • La puntuación promedio es 13 de 16
Respuestas en el mapa
Las respuestas están codificadas por una escala verde-roja en el mapa de la prueba según el % correcto abajo.
 
Estadísticas de respuestas
Respuesta % Correcto
Ghana
89%
Níger
89%
Nigeria
89%
Liberia
86%
Malí
86%
Cabo Verde
84%
Costa de Marfil
84%
Guinea-Bissau
84%
Senegal
84%
Togo
84%
Gambia
81%
Guinea
81%
Mauritania
81%
Sierra Leona
81%
Burkina Faso
78%
Benín
73%
No se encontraron pruebas coincidentes
Distribución de puntuación
Porcentaje de gente con cada puntuación
Porcentaje por número respondido
Historial de tus puntuaciones
No has intentado esta prueba.